<?xml version="1.0" encoding="UTF-8"?><?xml-stylesheet type="text/xsl" href="static/style.xsl"?><OAI-PMH xmlns="http://www.openarchives.org/OAI/2.0/" xmlns:xsi="http://www.w3.org/2001/XMLSchema-instance" xsi:schemaLocation="http://www.openarchives.org/OAI/2.0/ http://www.openarchives.org/OAI/2.0/OAI-PMH.xsd"><responseDate>2026-04-17T02:45:46Z</responseDate><request verb="GetRecord" identifier="oai:riubu.ubu.es:10259/175" metadataPrefix="marc">https://riubu.ubu.es/oai/request</request><GetRecord><record><header><identifier>oai:riubu.ubu.es:10259/175</identifier><datestamp>2026-03-02T16:38:35Z</datestamp><setSpec>com_10259_2699</setSpec><setSpec>col_10259_2705</setSpec></header><metadata><record xmlns="http://www.loc.gov/MARC21/slim" xmlns:doc="http://www.lyncode.com/xoai" xmlns:xsi="http://www.w3.org/2001/XMLSchema-instance" xmlns:dcterms="http://purl.org/dc/terms/" xsi:schemaLocation="http://www.loc.gov/MARC21/slim http://www.loc.gov/standards/marcxml/schema/MARC21slim.xsd">
<leader>00925njm 22002777a 4500</leader>
<datafield tag="042" ind1=" " ind2=" ">
<subfield code="a">dc</subfield>
</datafield>
<datafield tag="720" ind1=" " ind2=" ">
<subfield code="a">Carmona Ballestero, Eduardo</subfield>
<subfield code="e">author</subfield>
</datafield>
<datafield tag="260" ind1=" " ind2=" ">
<subfield code="c">2011</subfield>
</datafield>
<datafield tag="520" ind1=" " ind2=" ">
<subfield code="a">La Tesis Doctoral se inserta dentro de una línea de investigación que plantea el estudio de los procesos históricos y sus transformaciones durante Prehistoria Reciente en la Meseta Norte. En este caso, el trabajo dirige su atención a una fase concreta, el Calcolítico, circunscrita básicamente al III milenio a.C, cuyo estudio en el oriente de la Meseta Norte resultaba poco atractivo y problemático debido al parco e inexpresivo registro arqueológico con el que se contaba. La gran cantidad de información recopilada en los últimos 30 años en el valle Medio del Arlanzón, vinculada mayoritariamente a la Arqueología de Gestión, ha permitido afrontar una investigación original. En este sentido, la tesis plantea tanto nuevos enfoques teóricos como técnicas de trabajo que exploran el registro arqueológico dejado por las sociedades campesinas del Calcolítico. Los datos recopilados han permitido la discusión en términos históricos de la evidencia material dejada por tales comunidades. _________________________________________ The doctoral thesis is integrated into a line of research related to the study of historical processes and their transformations during Late Prehistory in the Spanish Northern Plateau. In this case, the investigation is focused on a particular phase, the Chalcolothic, basically confined to the III millennium BC, whose study in eastern North Plateau was unattractive and problematic because the archaeological record was poor and inexpressive until now. The great amount of information collected in the last 30 years in the Middle Valley Arlanzón has enabled to carry out an original research. In this sense, the thesis presents new theoretical approaches and research techniques which explore the archaeological record linked with Chalcolithic peasant societies. The collected data have allowed the discussion in historical terms of the material evidence left by these communities.</subfield>
</datafield>
<datafield tag="024" ind2=" " ind1="8">
<subfield code="a">http://hdl.handle.net/10259/175</subfield>
</datafield>
<datafield tag="024" ind2=" " ind1="8">
<subfield code="a">10.36443/10259/175</subfield>
</datafield>
<datafield ind1=" " ind2=" " tag="653">
<subfield code="a">Registro arqueológico</subfield>
</datafield>
<datafield ind1=" " ind2=" " tag="653">
<subfield code="a">campesinos primigenios</subfield>
</datafield>
<datafield ind1=" " ind2=" " tag="653">
<subfield code="a">procesos históricos</subfield>
</datafield>
<datafield ind1=" " ind2=" " tag="653">
<subfield code="a">Calcolítico</subfield>
</datafield>
<datafield ind1=" " ind2=" " tag="653">
<subfield code="a">Meseta Norte española</subfield>
</datafield>
<datafield ind1=" " ind2=" " tag="653">
<subfield code="a">Archaeological record</subfield>
</datafield>
<datafield ind1=" " ind2=" " tag="653">
<subfield code="a">primitive peasants</subfield>
</datafield>
<datafield ind1=" " ind2=" " tag="653">
<subfield code="a">historical processes</subfield>
</datafield>
<datafield ind1=" " ind2=" " tag="653">
<subfield code="a">Chalcolithic</subfield>
</datafield>
<datafield ind1=" " ind2=" " tag="653">
<subfield code="a">Spanish North Plateau</subfield>
</datafield>
<datafield tag="245" ind1="0" ind2="0">
<subfield code="a">Las comunidades campesinas calcolíticas en el Valle Medio del Arlanzón (cal. 3000-1900 a.C.) : transformaciones y procesos históricos</subfield>
</datafield>
</record></metadata></record></GetRecord></OAI-PMH>